[Event "VIE-ch U07 Girls"]
[Site "Ho Chi Minh City"]
[Date "2014.07.17"]
[Round "8"]
[White "Huynh, Ngoc Nhu Y"]
[Black "Ta, Nguyen Lan Vy"]
[Result "0-1"]
[WhiteElo "1418"]
[BlackElo "1419"]
[PlyCount "57"]
[EventDate "2014.07.13"]
[EventType "swiss"]
[EventRounds "9"]
[EventCountry "VIE"]
[SourceTitle "EXT 2016"]
[Source "ChessBase"]
[SourceDate "2015.10.08"]
[SourceVersion "1"]
[SourceVersionDate "2015.10.08"]
[SourceQuality "1"]

1. e4 e5 2. Nf3 Nc6 3. Bc4 Bc5 4. c3 Nf6 5. Ng5 0-0 6. Qb3 d6 7. Bxf7+ Kh8 8. Bc4 h6 9. Nf7+ Rxf7 10. Bxf7 Na5 11. Qb5 c6 12. Qa4 b5 13. Qd1 Ng4 14. 0-0 Qf6 15. d4 a6 16. b4 exd4 17. Bh5 Bb6 18. cxd4 Nxh2 19. bxa5 Bxd4 20. Kxh2 Bxa1 21. Kg1 Be5 22. f4 Qh4 23. Ba3 g5 24. f5 Bf4 25. Bg6 Qh2+ 26. Kf2 Bg3+ 27. Ke2 Qxg2+ 28. Kd3 b4 29. Rg1 0-1